Países más cercanos a Estonia - sprint de un minuto - Estadísticas

Estadísticas generales
  • Esta prueba ha sido intentada 61 veces
  • La puntuación promedio es 16 de 20
Estadísticas de respuestas
km país % Correcto
47 Finlandia
98%
0 Letonia
98%
0 Rusia
98%
150 Suecia
98%
152 Lituania
96%
636 Alemania
94%
157 Bielorrusia
94%
396 Polonia
94%
622 Ucrania
94%
554 Noruega
90%
890 Chequia
85%
939 Eslovaquia
85%
1041 Hungría
85%
523 Dinamarca
83%
1030 Rumania
77%
1013 Moldavia
71%
1076 Austria
69%
1288 Eslovenia
60%
1283 Bélgica
38%
1067 Países Bajos
38%
No se encontraron pruebas coincidentes
Distribución de puntuación
Porcentaje de gente con cada puntuación
Porcentaje por número respondido
Historial de tus puntuaciones
No has intentado esta prueba.